[Event "ROM-chT2"]
[Site "Baile Tusnad"]
[Date "2000.??.??"]
[Round "?"]
[White "Moldovan, Corina"]
[Black "Muresan, Margareta"]
[Result "0-1"]
[WhiteElo "2226"]
[BlackElo "2186"]
[PlyCount "72"]
[EventDate "2000.??.??"]
[EventType "team"]
[EventRounds "9"]
[EventCountry "ROU"]
[SourceTitle "EXT 2001"]
[Source "ChessBase"]
[SourceDate "2000.11.22"]
[SourceVersion "1"]
[SourceVersionDate "2000.11.22"]
[SourceQuality "1"]

1. d4 d5 2. c4 Nc6 3. Nf3 dxc4 4. e3 e5 5. Bxc4 exd4 6. exd4 Bb4+ 7. Nc3 Qe7+ 8. Be3 Bg4 9. 0-0 Nf6 10. Bg5 0-0-0 11. Nd5 Qd6 12. Bf4 Qf8 13. Nxf6 gxf6 14. d5 Ne5 15. Be2 Bd6 16. Nxe5 Bxe2 17. Qxe2 fxe5 18. Bxe5 Rg8 19. Bxd6 Qxd6 20. Rfd1 Rg5 21. Rac1 Rxd5 22. Rxd5 Qxd5 23. Qc2 c6 24. b3 h5 25. g3 h4 26. Qc5 Qf3 27. Qxa7 h3 28. Qa8+ Kc7 29. Qa5+ Kd7 30. Kf1 Qh1+ 31. Ke2 Qxc1 32. Qf5+ Kc7 33. Qa5+ b6 34. Qe5+ Rd6 35. Qe7+ Rd7 36. Qe5+ Kb7 0-1

[Event "ROM-chT2"]
[Site "Baile Tusnad"]
[Date "2000.??.??"]
[Round "?"]
[White "Muresan, Margareta"]
[Black "Vasiesiu, Cristina"]
[Result "0-1"]
[WhiteElo "2186"]
[BlackElo "2223"]
[PlyCount "80"]
[EventDate "2000.??.??"]
[EventType "team"]
[EventRounds "9"]
[EventCountry "ROU"]
[SourceTitle "EXT 2001"]
[Source "ChessBase"]
[SourceDate "2000.11.22"]
[SourceVersion "1"]
[SourceVersionDate "2000.11.22"]
[SourceQuality "1"]

1. c4 e5 2. g3 g6 3. Bg2 Bg7 4. Nc3 Nc6 5. Rb1 a5 6. a3 d6 7. d3 Nge7 8. b4 axb4 9. axb4 Nd4 10. e3 Ne6 11. Nge2 c6 12. Qb3 0-0 13. 0-0 Qb6 14. Kh1 Rd8 15. e4 Kh8 16. Bd2 f5 17. f4 Rf8 18. fxe5 dxe5 19. c5 Qa6 20. b5 cxb5 21. Nxb5 Qa2 22. Qc3 fxe4 23. dxe4 Bd7 24. Nd6 Nd4 25. Nxd4 exd4 26. Qd3 Rxf1+ 27. Rxf1 Be6 28. Bg5 Ng8 29. e5 Bxe5 30. Qe4 Bg7 31. h4 h6 32. Qxg6 hxg5 33. Rf7 Qa1+ 34. Kh2 d3 35. Rf1 Qe5 36. Be4 Ra2+ 37. Kh1 Nf6 38. hxg5 Qxg3 39. Qxg7+ Kxg7 40. gxf6+ Kf8 0-1

[Event "ROM-chT (Women)"]
[Site "Calarasi"]
[Date "1995.??.??"]
[Round "8"]
[White "Skripchenko, Almira"]
[Black "Muresan, Margareta"]
[Result "1-0"]
[WhiteElo "2260"]
[BlackElo "2210"]
[PlyCount "87"]
[EventDate "1995.??.??"]
[EventType "team"]
[EventRounds "9"]
[EventCountry "ROU"]
[SourceTitle "EXT 1999"]
[Source "ChessBase"]
[SourceDate "1998.11.16"]
[SourceVersion "1"]
[SourceVersionDate "1998.11.16"]
[SourceQuality "1"]

1. e4 c6 2. c4 d6 3. d4 g6 4. Nc3 Bg7 5. Nf3 Nf6 6. g3 0-0 7. Bg2 e5 8. 0-0 Nbd7 9. h3 Re8 10. Re1 exd4 11. Nxd4 Qb6 12. Nb3 Ne5 13. Bf1 Be6 14. Be3 Qc7 15. Nd2 Rad8 16. f4 Nxc4 17. Nxc4 Bxc4 18. Bxc4 Nxe4 19. Bd4 d5 20. Bxg7 Kxg7 21. Qd4+ f6 22. Nxe4 dxe4 23. Qxa7 Rd2 24. Re2 Rxe2 25. Bxe2 Qd7 26. Bg4 Qd3 27. Qf2 e3 28. Qe2 Qd5 29. b3 f5 30. Bf3 Qc5 31. Rd1 Re7 32. Kg2 Qc3 33. Rd3 Qc1 34. b4 b5 35. Rb3 Kf7 36. Qd3 Qe1 37. Rb2 h5 38. h4 Qa1 39. Rc2 Qb1 40. Qb3+ Qxb3 41. axb3 Re6 42. Kf1 Rd6 43. Bxc6 Rd3 44. Ke2 1-0

[Event "ROM-ch (Women)"]
[Site "Romania"]
[Date "1994.??.??"]
[Round "?"]
[White "Marin, Irina Luiza"]
[Black "Muresan, Margareta"]
[Result "0-1"]
[WhiteElo "2261"]
[BlackElo "2215"]
[PlyCount "68"]
[EventDate "1994.??.??"]
[EventType "tourn"]
[EventRounds "13"]
[EventCountry "ROU"]
[SourceTitle "EXT 1997"]
[Source "ChessBase"]
[SourceDate "1996.11.15"]
[SourceVersion "1"]
[SourceVersionDate "1996.11.15"]
[SourceQuality "1"]

1. e4 c6 2. d4 d5 3. exd5 cxd5 4. Bd3 Nc6 5. c3 g6 6. Bf4 Bg7 7. Nf3 Nh6 8. Nbd2 0-0 9. 0-0 f6 10. Re1 Nf7 11. Bb5 a6 12. Bxc6 bxc6 13. Re3 g5 14. Bg3 g4 15. Ne1 e5 16. dxe5 fxe5 17. Nd3 e4 18. Nc5 Nh6 19. Re1 Ra7 20. Qb3 Raf7 21. Rad1 Nf5 22. Ndxe4 Qa5 23. Ng5 Qxc5 24. Nxf7 Nxg3 25. hxg3 Kxf7 26. Qb8 Kg8 27. Rd2 d4 28. cxd4 Bxd4 29. Ree2 Be6 30. Qc7 Bc4 31. Rc2 Qd5 32. Red2 c5 33. b3 Bb5 34. a4 Bc6 0-1

[Event "ROM-chT"]
[Site "Romania"]
[Date "1994.??.??"]
[Round "?"]
[White "Muresan, Margareta"]
[Black "Adoamnei, Roxana Antonela"]
[Result "1/2-1/2"]
[WhiteElo "2215"]
[BlackElo "2060"]
[PlyCount "84"]
[EventDate "1994.??.??"]
[EventType "team"]
[EventRounds "10"]
[EventCountry "ROU"]
[SourceTitle "EXT 1997"]
[Source "ChessBase"]
[SourceDate "1996.11.15"]
[SourceVersion "1"]
[SourceVersionDate "1996.11.15"]
[SourceQuality "1"]

1. d4 Nf6 2. c4 e6 3. Nf3 d5 4. Bg5 Nbd7 5. e3 c6 6. Nbd2 Be7 7. Bd3 b6 8. Rc1 Bb7 9. 0-0 0-0 10. cxd5 Nxd5 11. Bxe7 Qxe7 12. Re1 Nb4 13. Bb1 c5 14. a3 Nc6 15. Qc2 g6 16. dxc5 Nxc5 17. b4 Nd7 18. Qa4 Rac8 19. Be4 Ndb8 20. b5 Na5 21. Bxb7 Qxb7 22. Ne4 Qe7 23. h4 f5 24. Ng3 Nd7 25. h5 e5 26. hxg6 hxg6 27. Qb4 Nc5 28. Red1 Rfe8 29. Rd5 e4 30. Ne1 Nab7 31. Rcd1 Rcd8 32. Ne2 Qf7 33. Nc3 Rc8 34. g3 Re6 35. Na4 g5 36. Nxc5 Nxc5 37. Rd6 f4 38. exf4 gxf4 39. Rxe6 Qxe6 40. Qd4 fxg3 41. fxg3 Qg4 42. Rd2 Ne6 1/2-1/2

[Event "Romania (Women)"]
[Site "Romania"]
[Date "1994.??.??"]
[Round "?"]
[White "Muresan, Margareta"]
[Black "Borsuk, Angela"]
[Result "0-1"]
[WhiteElo "2215"]
[BlackElo "2230"]
[PlyCount "85"]
[EventDate "1994.??.??"]
[EventType "tourn"]
[EventRounds "9"]
[EventCountry "ROU"]
[SourceTitle "EXT 1997"]
[Source "ChessBase"]
[SourceDate "1996.11.15"]
[SourceVersion "1"]
[SourceVersionDate "1996.11.15"]
[SourceQuality "1"]

1. Nf3 d6 2. g3 e5 3. d3 g6 4. Bg2 Bg7 5. c4 c6 6. 0-0 Ne7 7. Nc3 0-0 8. Bd2 h6 9. b4 d5 10. Rb1 Be6 11. cxd5 cxd5 12. Qc1 Kh7 13. a4 Nd7 14. Qa3 f5 15. e4 fxe4 16. dxe4 d4 17. Ne2 Nb6 18. a5 Nc4 19. Qd3 Rc8 20. Rfc1 Nd6 21. Rxc8 Nexc8 22. Rc1 b5 23. a6 Nb6 24. Be1 Bc4 25. Qd1 Nxe4 26. Nxe5 Nxf2 27. Bxf2 Bxe5 28. Nf4 Qf6 29. Ra1 Rf7 30. Ra5 d3 31. Be3 Bd4 32. Qd2 Re7 33. Bxd4 Qxd4+ 34. Kh1 g5 35. Nh3 Nd5 36. Ng1 Qe3 37. Qd1 Nf6 38. h4 Ne4 39. Qg4 Bd5 40. Qf3 Qxf3 41. Nxf3 Bb7 42. Rxb5 g4 43. Rxb7 0-1

[Event "ROM-chT"]
[Site "Romania"]
[Date "1994.??.??"]
[Round "?"]
[White "Muresan, Margareta"]
[Black "Foisor, Cristina Adela B"]
[Result "1/2-1/2"]
[WhiteElo "2215"]
[BlackElo "2400"]
[PlyCount "29"]
[EventDate "1994.??.??"]
[EventType "team"]
[EventRounds "10"]
[EventCountry "ROU"]
[SourceTitle "EXT 1997"]
[Source "ChessBase"]
[SourceDate "1996.11.15"]
[SourceVersion "1"]
[SourceVersionDate "1996.11.15"]
[SourceQuality "1"]

1. d4 d6 2. Nf3 g6 3. c4 Bg7 4. Nc3 Nf6 5. e4 0-0 6. Be2 Na6 7. 0-0 e5 8. Be3 Ng4 9. Bg5 f6 10. Bc1 c6 11. h3 Nh6 12. dxe5 dxe5 13. Qxd8 Rxd8 14. Be3 Nf7 15. Rfd1 1/2-1/2

[Event "Romania (Women)"]
[Site "Romania"]
[Date "1994.??.??"]
[Round "?"]
[White "Muresan, Margareta"]
[Black "Straub, Natalia"]
[Result "1/2-1/2"]
[WhiteElo "2215"]
[BlackElo "2190"]
[PlyCount "116"]
[EventDate "1994.??.??"]
[EventType "tourn"]
[EventRounds "9"]
[EventCountry "ROU"]
[SourceTitle "EXT 1997"]
[Source "ChessBase"]
[SourceDate "1996.11.15"]
[SourceVersion "1"]
[SourceVersionDate "1996.11.15"]
[SourceQuality "1"]

1. Nf3 g6 2. c4 Bg7 3. Nc3 d6 4. e4 Nf6 5. d4 0-0 6. Be2 e5 7. 0-0 Nc6 8. d5 Ne7 9. b4 a5 10. bxa5 Rxa5 11. Nd2 Nd7 12. Nb3 Ra8 13. Be3 b6 14. a4 f5 15. f3 Nc5 16. Nxc5 bxc5 17. Qd2 f4 18. Bf2 h5 19. Rfb1 g5 20. h3 Bh6 21. Qd1 Kh7 22. Rb2 Ng8 23. a5 Nf6 24. Rba2 Rg8 25. a6 g4 26. fxg4 hxg4 27. hxg4 Nxg4 28. Bxg4 Bxg4 29. Qb3 Qg5 30. a7 Qh5 31. Nb5 Bh3 32. Bxc5 f3 33. Be3 Bxg2 34. Bxh6 Qxh6 35. Kf2 Qh4+ 36. Ke3 Qg4 37. Kf2 Qg3+ 38. Ke3 f2+ 39. Kd2 Qd3+ 40. Kxd3 f1Q+ 41. Rxf1 Bxf1+ 42. Kc3 Rg7 43. Rf2 Bh3 44. Rh2 Rg3+ 45. Kb4 Kg7 46. Ra2 Rg6 47. c5 Bf1 48. Nc3 dxc5+ 49. Kxc5 Rh6 50. d6 Rxd6 51. Nd5 Ra6 52. Rf2 Ra5+ 53. Kc6 Bb5+ 54. Kxc7 R8xa7+ 55. Kd6 R7a6+ 56. Ke7 Ra7+ 57. Kd6 R7a6+ 58. Ke7 Ra7+ 1/2-1/2

[Event "Romania (Women)"]
[Site "Romania"]
[Date "1994.??.??"]
[Round "?"]
[White "Olarasu, Gabriela"]
[Black "Muresan, Margareta"]
[Result "0-1"]
[WhiteElo "2250"]
[BlackElo "2215"]
[PlyCount "96"]
[EventDate "1994.??.??"]
[EventType "tourn"]
[EventRounds "9"]
[EventCountry "ROU"]
[SourceTitle "EXT 1997"]
[Source "ChessBase"]
[SourceDate "1996.11.15"]
[SourceVersion "1"]
[SourceVersionDate "1996.11.15"]
[SourceQuality "1"]

1. d4 d5 2. c4 dxc4 3. Nf3 c6 4. a4 Nf6 5. e3 Bf5 6. Bxc4 e6 7. 0-0 a5 8. Nc3 Bb4 9. Qe2 0-0 10. e4 Bg4 11. Rd1 Nbd7 12. h3 Bh5 13. g4 Bg6 14. Ne5 Nb6 15. Bd3 Qxd4 16. Nxg6 hxg6 17. Ba6 Qe5 18. Bxb7 Rab8 19. Bxc6 Rfc8 20. Bb5 Bxc3 21. bxc3 Qxc3 22. Be3 Qe5 23. Bd3 g5 24. Kg2 Nc4 25. Bxc4 Qxe4+ 26. f3 Qxc4 27. Rd8+ Kh7 28. Qxc4 Rb2+ 29. Rd2 Rxd2+ 30. Bxd2 Rxc4 31. Bxa5 Nd5 32. Ra2 Kg6 33. Bd2 Rc6 34. a5 Ra6 35. Kf2 f5 36. Ke2 Nf4+ 37. Bxf4 gxf4 38. Kd3 Kg5 39. Kc4 Kh4 40. gxf5 exf5 41. Kb5 Ra8 42. Rg2 g5 43. Rg1 Rg8 44. a6 Kxh3 45. a7 g4 46. Kc6 Ra8 47. Ra1 gxf3 48. Kd5 f2 0-1

[Event "ROM-ch (Women)"]
[Site "Romania"]
[Date "1994.??.??"]
[Round "?"]
[White "Peptan, Corina Isabela"]
[Black "Muresan, Margareta"]
[Result "1-0"]
[WhiteElo "2255"]
[BlackElo "2215"]
[PlyCount "101"]
[EventDate "1994.??.??"]
[EventType "tourn"]
[EventRounds "13"]
[EventCountry "ROU"]
[SourceTitle "EXT 1997"]
[Source "ChessBase"]
[SourceDate "1996.11.15"]
[SourceVersion "1"]
[SourceVersionDate "1996.11.15"]
[SourceQuality "1"]

1. e4 c6 2. c4 e5 3. Nf3 d6 4. d4 Nd7 5. Nc3 Ngf6 6. Be2 g6 7. 0-0 Bg7 8. Be3 0-0 9. dxe5 dxe5 10. h3 Qe7 11. Qc2 Nh5 12. Rfd1 Nf4 13. Bf1 Re8 14. g3 Ne6 15. a3 h5 16. h4 Nd4 17. Nxd4 exd4 18. Bxd4 Bxd4 19. Rxd4 Ne5 20. Bg2 Qf6 21. Rad1 Nf3+ 22. Bxf3 Qxf3 23. Qd3 Bg4 24. Qxf3 Bxf3 25. R1d3 c5 26. Rd7 Bxe4 27. Nxe4 Rxe4 28. Rxb7 Rxc4 29. Rdd7 Rf8 30. Rxa7 Rc2 31. Rab7 c4 32. Rdc7 Kg7 33. a4 Kf6 34. Rb4 c3 35. bxc3 Ke5 36. a5 Ra2 37. Rb5+ Ke4 38. Rd7 Kf3 39. Rd3+ Ke2 40. Rbd5 Re8 41. Kg2 f6 42. a6 Re5 43. Rd8 Re8 44. Rd2+ Ke1 45. Rxa2 Rxd8 46. a7 Ra8 47. c4 g5 48. c5 gxh4 49. gxh4 f5 50. c6 f4 51. Kf3 1-0

[Event "ROM-ch (Women)"]
[Site "Romania"]
[Date "1992.??.??"]
[Round "11"]
[White "Cosma, Elena Luminita"]
[Black "Muresan, Margareta"]
[Result "1/2-1/2"]
[WhiteElo "2215"]
[BlackElo "2225"]
[PlyCount "159"]
[EventDate "1992.??.??"]
[EventType "tourn"]
[EventRounds "13"]
[EventCountry "ROU"]
[SourceTitle "TD"]
[Source "ChessBase"]
[SourceDate "1994.03.01"]
[SourceVersion "1"]
[SourceVersionDate "1994.03.01"]
[SourceQuality "1"]

1. e4 c5 2. d3 Nc6 3. g3 g6 4. Bg2 Bg7 5. f4 d6 6. Nf3 Nf6 7. Nbd2 0-0 8. 0-0 Rb8 9. h3 Nh5 10. Kh2 f5 11. Nc4 b5 12. Ne3 e5 13. Nd5 exf4 14. gxf4 Ne7 15. c3 Nxd5 16. exd5 h6 17. d4 c4 18. a4 a6 19. axb5 axb5 20. b3 cxb3 21. Qxb3 Bd7 22. Ra6 Rf6 23. Bd2 Bf8 24. Re1 Rf7 25. Rg1 Kh7 26. Bf1 Nf6 27. Be1 Bc8 28. Ra1 Bb7 29. Bh4 Bxd5 30. Bxf6 Bxb3 31. Bxd8 Rxd8 32. Bxb5 Bd5 33. Nh4 Rg7 34. Bd3 Rb8 35. Rgb1 Rgb7 36. Ng2 Rb2 37. Rxb2 Rxb2 38. Bf1 g5 39. Kg1 Be4 40. c4 Rd2 41. Ra7+ Bg7 42. h4 gxh4 43. Kh2 h3 44. Kxh3 Rf2 45. Ra1 Bxd4 46. Rd1 Bc5 47. Kg3 Rc2 48. Ne1 Bf2+ 49. Kh3 Rc3+ 50. Nd3 Kg6 51. Kh2 Be3 52. Kg3 Kf6 53. Be2 h5 54. Bf1 Rxc4 55. Ne5 Rd4 56. Rxd4 Bxd4 57. Nf3 Be3 58. Be2 d5 59. Nh4 Bd2 60. Bxh5 d4 61. Nf3 Bc3 62. Kf2 Bc2 63. Ke2 d3+ 64. Ke3 Ke6 65. Be8 Bb2 66. Bb5 Bc1+ 67. Nd2 Kd5 68. Bxd3 Bxd3 69. Kxd3 Bxd2 70. Kxd2 Ke4 71. Ke2 Kxf4 72. Kf2 Kg4 73. Kg2 Kf4 74. Kf2 Ke4 75. Ke2 f4 76. Kf2 f3 77. Kf1 Ke3 78. Ke1 Kd3 79. Kf2 Ke4 80. Kf1 1/2-1/2

[Event "Calimanesti (Women)"]
[Site "Calimanesti"]
[Date "1992.??.??"]
[Round "?"]
[White "Koen, Maja"]
[Black "Muresan, Margareta"]
[Result "1-0"]
[WhiteElo "2225"]
[BlackElo "2210"]
[PlyCount "149"]
[EventDate "1992.??.??"]
[EventType "tourn"]
[EventRounds "11"]
[EventCountry "ROU"]
[SourceTitle "EXT 1997"]
[Source "ChessBase"]
[SourceDate "1996.11.15"]
[SourceVersion "1"]
[SourceVersionDate "1996.11.15"]
[SourceQuality "1"]

1. d4 d5 2. c4 dxc4 3. Nf3 Nf6 4. e3 e6 5. Bxc4 c5 6. 0-0 a6 7. a4 Nc6 8. Qe2 Qc7 9. Nc3 Bd6 10. dxc5 Bxc5 11. Bd2 0-0 12. Rac1 Bd7 13. Bd3 Rac8 14. Ne4 Be7 15. Nfg5 Nxe4 16. Nxe4 f5 17. Nc5 Bxc5 18. Rxc5 Qd6 19. Rc4 e5 20. Rcc1 e4 21. Bc4+ Be6 22. Rfd1 Rfe8 23. Bc3 Bxc4 24. Qxc4+ Qe6 25. Qxe6+ Rxe6 26. Rd7 Re7 27. Rcd1 Rc7 28. Rxc7 Rxc7 29. f3 exf3 30. gxf3 Kf7 31. Kf2 Ke6 32. h4 b5 33. axb5 axb5 34. Ke2 b4 35. Be1 b3 36. Bc3 g6 37. Ra1 Kd5 38. Kd3 Kc5 39. Bd4+ Kb4 40. Bc3+ Kb5 41. Ra3 Rd7+ 42. Ke2 Kc4 43. Ra4+ Kc5 44. Ra3 Rb7 45. Ra8 Kd5 46. Rf8 Ke6 47. Rf6+ Kd5 48. h5 Ne7 49. Rf7 Rc7 50. Kd3 Rd7 51. Rxh7 gxh5 52. Rxh5 Kc6+ 53. Kc4 Nd5 54. Rh6+ Kb7 55. Bd4 f4 56. exf4 Nxf4 57. Rb6+ Kc7 58. Ra6 Kd8 59. Ra8+ Ke7 60. Ra7 Rxa7 61. Bxa7 Ke6 62. Kxb3 Kd5 63. Bb8 Ne2 64. f4 Nd4+ 65. Kc3 Nc6 66. Be5 Nxe5 67. fxe5 Kxe5 68. Kc4 Kd6 69. Kb5 Kc7 70. Ka6 Kc8 71. Kb6 Kb8 72. b3 Kc8 73. b4 Kb8 74. b5 Ka8 75. Kc7 1-0

[Event "ROM-ch (Women)"]
[Site "Romania"]
[Date "1992.??.??"]
[Round "1"]
[White "Muresan, Margareta"]
[Black "Adoamnei, Roxana Antonela"]
[Result "1-0"]
[WhiteElo "2225"]
[BlackElo "2055"]
[PlyCount "71"]
[EventDate "1992.??.??"]
[EventType "tourn"]
[EventRounds "13"]
[EventCountry "ROU"]
[SourceTitle "TD"]
[Source "ChessBase"]
[SourceDate "1994.03.01"]
[SourceVersion "1"]
[SourceVersionDate "1994.03.01"]
[SourceQuality "1"]

1. Nf3 d6 2. d4 Nf6 3. g3 Bg4 4. Bg2 c6 5. c4 Qb6 6. 0-0 Bxf3 7. Bxf3 e5 8. d5 Nbd7 9. Nc3 Be7 10. Be3 c5 11. a4 a5 12. Ra3 Rb8 13. Rb3 Qd8 14. Qd3 h5 15. Ne4 Nxe4 16. Bxe4 g5 17. Bf5 Bf6 18. Rb5 h4 19. Qe4 b6 20. Qg4 Nf8 21. Qe4 Qe7 22. Bd2 Kd8 23. Bxa5 Qa7 24. Bc3 Qxa4 25. b3 Qa7 26. Ra1 Qc7 27. f4 hxg3 28. hxg3 gxf4 29. gxf4 Rg8+ 30. Kf1 Rg3 31. fxe5 dxe5 32. Be1 Rg7 33. Bf2 Ng6 34. Ra6 Ne7 35. Bxc5 bxc5 36. d6 1-0

[Event "ROM-ch (Women)"]
[Site "Romania"]
[Date "1992.??.??"]
[Round "10"]
[White "Muresan, Margareta"]
[Black "Baciu, Anca Otilia"]
[Result "1/2-1/2"]
[WhiteElo "2225"]
[BlackElo "2160"]
[PlyCount "51"]
[EventDate "1992.??.??"]
[EventType "tourn"]
[EventRounds "13"]
[EventCountry "ROU"]
[SourceTitle "TD"]
[Source "ChessBase"]
[SourceDate "1994.03.01"]
[SourceVersion "1"]
[SourceVersionDate "1994.03.01"]
[SourceQuality "1"]

1. d4 d5 2. c4 e6 3. Nc3 Be7 4. Nf3 Nf6 5. e3 0-0 6. Bd3 b6 7. 0-0 Bb7 8. b3 Nbd7 9. Bb2 Ne4 10. Rc1 c5 11. Qe2 Bd6 12. Rfd1 a6 13. cxd5 exd5 14. Na4 Qe7 15. Ne5 Bxe5 16. dxe5 b5 17. Bxe4 dxe4 18. Rxd7 Qxd7 19. Nb6 Qd3 20. Qxd3 exd3 21. Nxa8 Bxa8 22. f4 Rc8 23. Bc3 Be4 24. Kf2 c4 25. Bd2 Kf8 26. g3 1/2-1/2

[Event "Calimanesti (Women)"]
[Site "Calimanesti"]
[Date "1992.??.??"]
[Round "?"]
[White "Safranska, Anda"]
[Black "Muresan, Margareta"]
[Result "1-0"]
[WhiteElo "2260"]
[BlackElo "2210"]
[PlyCount "73"]
[EventDate "1992.??.??"]
[EventType "tourn"]
[EventRounds "11"]
[EventCountry "ROU"]
[SourceTitle "EXT 1997"]
[Source "ChessBase"]
[SourceDate "1996.11.15"]
[SourceVersion "1"]
[SourceVersionDate "1996.11.15"]
[SourceQuality "1"]

1. e4 c5 2. Nf3 d6 3. d4 Nf6 4. Nc3 cxd4 5. Nxd4 e6 6. Bc4 a6 7. Bb3 Be7 8. 0-0 0-0 9. f4 b5 10. e5 dxe5 11. fxe5 Nfd7 12. Be3 Nxe5 13. Qh5 Nbc6 14. Nxc6 Nxc6 15. Rf3 g6 16. Qh6 f5 17. Rd1 Qe8 18. Nd5 Qf7 19. Rh3 Ne5 20. Nxe7+ Qxe7 21. Bd4 Ng4 22. Qf4 a5 23. Rc3 Rd8 24. Rc7 Qd6 25. Rg7+ Kf8 26. Qxd6+ Rxd6 27. Rxh7 a4 28. Bc5 axb3 29. Rxd6 Kg8 30. Rc7 Bb7 31. cxb3 Bd5 32. Rdd7 Nf6 33. Rg7+ Kh8 34. Bd4 e5 35. Bxe5 Ng4 36. Rh7+ Kg8 37. Rh8# 1-0

[Event "Budapest Zeus (Women)"]
[Site "Budapest"]
[Date "1991.??.??"]
[Round "6"]
[White "Horvath, Julia"]
[Black "Muresan, Margareta"]
[Result "1-0"]
[WhiteElo "2235"]
[BlackElo "2200"]
[PlyCount "69"]
[EventDate "1991.??.??"]
[EventType "tourn"]
[EventRounds "11"]
[EventCountry "HUN"]
[SourceTitle "TD"]
[Source "ChessBase"]
[SourceDate "1994.03.01"]
[SourceVersion "1"]
[SourceVersionDate "1994.03.01"]
[SourceQuality "1"]

1. d4 Nf6 2. c4 g6 3. Nc3 Bg7 4. e4 d6 5. f4 0-0 6. Nf3 Bg4 7. Be2 c5 8. d5 Na6 9. 0-0 Nc7 10. a4 Rb8 11. h3 Bxf3 12. Bxf3 Nd7 13. Ra3 b6 14. Nb5 Rb7 15. e5 Ne8 16. e6 Nb8 17. g4 Na6 18. f5 Nb4 19. exf7+ Rxf7 20. fxg6 hxg6 21. Be4 Rxf1+ 22. Qxf1 Nf6 23. Bxg6 a6 24. Nc3 Rb8 25. g5 Nd7 26. Bf7+ Kh8 27. Ne4 Bd4+ 28. Kh1 Ne5 29. g6 Qf8 30. Ng5 Qg7 31. Ne6 Qf6 32. Qxf6+ exf6 33. Rg3 Nxg6 34. Rxg6 Nd3 35. Rh6# 1-0

[Event "Budapest Zeus (Women)"]
[Site "Budapest"]
[Date "1991.??.??"]
[Round "1"]
[White "Rajcsanyi, Zita"]
[Black "Muresan, Margareta"]
[Result "1-0"]
[WhiteElo "2115"]
[BlackElo "2200"]
[PlyCount "107"]
[EventDate "1991.??.??"]
[EventType "tourn"]
[EventRounds "11"]
[EventCountry "HUN"]
[SourceTitle "TD"]
[Source "ChessBase"]
[SourceDate "1994.03.01"]
[SourceVersion "1"]
[SourceVersionDate "1994.03.01"]
[SourceQuality "1"]

1. e4 c5 2. c3 d5 3. exd5 Qxd5 4. d4 Nf6 5. Nf3 e6 6. Na3 Nc6 7. Nb5 Qd8 8. Bg5 cxd4 9. Bxf6 gxf6 10. Nbxd4 Bd7 11. Bd3 Be7 12. Qc2 h5 13. 0-0 Ne5 14. Nxe5 fxe5 15. Nf3 Qc7 16. Rfc1 Bd6 17. Qe2 f6 18. Bg6+ Ke7 19. Nh4 Rag8 20. Qd2 Bc6 21. Rd1 Bc5 22. g3 a6 23. Bc2 Kf7 24. b4 Be7 25. Bb3 Rg5 26. a4 e4 27. Qa2 Re5 28. Ng2 Rd8 29. Nf4 Rxd1+ 30. Rxd1 Bd7 31. Qd2 Bc8 32. Qe3 Bd7 33. h4 Be8 34. Rd4 Bc6 35. Qe2 b5 36. a5 Qb7 37. Nxh5 e3 38. Nf4 exf2+ 39. Qxf2 Be4 40. Qd2 Bf5 41. Bd1 Qc6 42. Bh5+ Kg7 43. Rd7 Re1+ 44. Kf2 Rh1 45. Rxe7+ Kh6 46. Bf3 Rf1+ 47. Kxf1 Qxf3+ 48. Kg1 Qxg3+ 49. Ng2+ Kh5 50. Qe2+ Bg4 51. Qe3 Qd6 52. Qc5+ Qe5 53. Qxe5+ fxe5 54. Ra7 1-0

[Event "Olympiad Women-29"]
[Site "Novi Sad"]
[Date "1990.12.01"]
[Round "13"]
[White "Fischdick, Gisela"]
[Black "Muresan, Margareta"]
[Result "1-0"]
[WhiteElo "2285"]
[BlackElo "2195"]
[PlyCount "77"]
[EventDate "1990.11.17"]
[EventType "team-swiss"]
[EventRounds "14"]
[EventCountry "YUG"]
[SourceTitle "EXT 2019"]
[Source "ChessBase"]
[SourceDate "2018.10.10"]
[SourceVersion "1"]
[SourceVersionDate "2018.10.10"]
[SourceQuality "1"]
[WhiteTeam "Germany (W)"]
[BlackTeam "Romania (W)"]
[WhiteTeamCountry "GER"]
[BlackTeamCountry "ROU"]

1. d4 Nf6 2. Nf3 g6 3. Bg5 Bg7 4. Nbd2 0-0 5. e4 d6 6. h3 c5 7. dxc5 Qa5 8. Bd3 Qxc5 9. 0-0 Nc6 10. Nb3 Qb6 11. Be3 Qc7 12. Qd2 Bd7 13. c4 Rfd8 14. Rac1 Rac8 15. Rfd1 Ne5 16. Nxe5 dxe5 17. Qb4 Be6 18. Nc5 Rd6 19. Qxb7 Qxb7 20. Nxb7 Ra6 21. Nc5 Rxa2 22. b4 Rb2 23. Nxe6 fxe6 24. Rb1 Rxb1 25. Rxb1 Rd8 26. Rb3 Rd7 27. b5 Kf7 28. Ra3 Nh5 29. g3 Bf6 30. Kf1 h6 31. Ke2 Bg5 32. Rxa7 Nf6 33. b6 Bxe3 34. Kxe3 Rd8 35. c5 Nd7 36. Rxd7 Rxd7 37. c6 Rd6 38. b7 Rxc6 39. b8Q 1-0

[Event "Dresden (Women)"]
[Site "Dresden"]
[Date "1990.??.??"]
[Round "?"]
[White "Eretova, Kveta"]
[Black "Muresan, Margareta"]
[Result "1/2-1/2"]
[WhiteElo "2135"]
[BlackElo "2195"]
[PlyCount "95"]
[EventDate "1990.??.??"]
[EventType "tourn"]
[EventRounds "11"]
[EventCountry "GER"]
[SourceTitle "TD"]
[Source "ChessBase"]
[SourceDate "1994.03.01"]
[SourceVersion "1"]
[SourceVersionDate "1994.03.01"]
[SourceQuality "1"]

1. Nf3 Nf6 2. c4 g6 3. d4 Bg7 4. Nc3 0-0 5. g3 c5 6. Bg2 cxd4 7. Nxd4 Nc6 8. 0-0 Qb6 9. Nc2 d6 10. b3 Bf5 11. Bb2 Bxc2 12. Qxc2 Rac8 13. Qd2 Ne5 14. Rab1 Rfd8 15. h3 Qa5 16. Bxb7 Rb8 17. Bg2 d5 18. cxd5 e6 19. Qe3 Nxd5 20. Nxd5 exd5 21. Bxe5 d4 22. Bxd4 Bxd4 23. Qf4 Be5 24. Qa4 Qb6 25. e3 Rd3 26. Kh2 Rbd8 27. Rbc1 h5 28. Rc6 Qb8 29. f4 Bg7 30. Qc4 Rc3 31. Qe2 Rcd3 32. Rfc1 h4 33. gxh4 Qb4 34. Rc8 Rd2 35. Rxd8+ Rxd8 36. Rc2 Qe7 37. h5 gxh5 38. Bf3 h4 39. Bg4 Bh6 40. Rc4 Re8 41. Qg2 Kh8 42. Rc3 Qf6 43. Rc8 Bxf4+ 44. exf4 Rxc8 45. Bxc8 Qxf4+ 46. Kh1 Qc1+ 47. Qg1 Qc6+ 48. Kh2 1/2-1/2

[Event "Dresden (Women)"]
[Site "Dresden"]
[Date "1990.??.??"]
[Round "?"]
[White "Jahn, Constanze"]
[Black "Muresan, Margareta"]
[Result "1/2-1/2"]
[WhiteElo "2170"]
[BlackElo "2195"]
[PlyCount "98"]
[EventDate "1990.??.??"]
[EventType "tourn"]
[EventRounds "11"]
[EventCountry "GER"]
[SourceTitle "TD"]
[Source "ChessBase"]
[SourceDate "1994.03.01"]
[SourceVersion "1"]
[SourceVersionDate "1994.03.01"]
[SourceQuality "1"]

1. e4 c5 2. c3 d5 3. exd5 Qxd5 4. d4 Nc6 5. Nf3 e6 6. Bd3 Nf6 7. 0-0 cxd4 8. cxd4 Be7 9. Nc3 Qd6 10. Qe2 0-0 11. Rd1 Bd7 12. Nb5 Qb8 13. Ne5 Qd8 14. Bg5 Nb4 15. Bxf6 Bxf6 16. Be4 Bc6 17. Nxc6 bxc6 18. Na3 Rc8 19. Nc4 Nd5 20. g3 g6 21. Rac1 Re8 22. a3 Qe7 23. b4 e5 24. Bxd5 cxd5 25. Nxe5 Rxc1 26. Rxc1 Bg7 27. Qf3 Bxe5 28. dxe5 Qxe5 29. Rd1 d4 30. Qd3 Rd8 31. b5 Qc5 32. Rd2 h5 33. h4 Kg7 34. Rc2 Qe5 35. Re2 Qd6 36. Re4 Rd7 37. Kf1 Qd5 38. Kg1 f5 39. Re1 Kf6 40. Rd1 Qe4 41. Qc4 Qd5 42. Qc6+ Rd6 43. Qc8 Qf7 44. Qh8+ Qg7 45. Qb8 Qd7 46. Qh8+ Kf7 47. Qh7+ Kf6 48. Qh8+ Qg7 49. Qb8 Qd7 1/2-1/2